000 01272cam a22003617a 4500
003 CHAP
005 20220329142554.0
008 011206d2001 mx r 00110 spa d
010 _a85101
011 _a86073
035 _a96611
040 _cCHAP
090 _aTesis
100 0 0 _aCastellanos Villa, Maria Isabel.
_920028
245 1 0 _aAnálisis de la producción y comercio del café
_c/por Maria Isabel Castellanos Villa
260 _aChapingo, Méx. :
_bEl autor,
_c2001.
300 _a91 h.
502 _aTesis (Ing. Agr. Esp. en Economía Agrícola) -- UACH. División de Ciencias Económico-Administrativas
590 _aALEPH
_b10
_c20130110
_lUCH01
_h1444
590 _aBATCH-UPD
_b10
_c20130110
_lUCH01
_h0555
590 _aBATCH-UPD
_b10
_c20130410
_lUCH01
_h0237
590 _aBATCH-UPD
_b10
_c20130914
_lUCH01
_h0808
590 _aCONVERSION
_b10
_c20130109
_lUCH01
_h1347
650 1 4 _aCafé
_xAspectos económicos.
_917090
650 1 4 _aCafé
_xCostos de producción.
_917120
650 1 4 _aCafé
_xMercadeo.
_917169
650 1 4 _aCafé
_xMéxico.
_917176
901 _aBK
905 _aMayto Villalobos S.
942 _cFOLL
949 _aTesis
_bBC
_cTES
_d33724000858650
_eTS2
_fc.2
_h38769
_i96611
_si
949 _aTesis
_bBC
_cTES
_d966111
_eTS1
_h38768
_i96611
_sb
999 _c85101
_d85101